Estadísticas para Países que Terminan en BIA

Haz click aquí para intentar la prueba.

Estadísticas generales

  • Esta prueba ha sido intentada 5.738 veces
  • La puntuación promedio es 3 de 6

Estadísticas de respuestas

País% Correcto
Colombia
73%
Namibia
69%
Zambia
66%
Gambia
58%
Libia
41%
Serbia
37%

Distribución de puntuación

Porcentaje por número respondido

Porcentaje de gente con cada puntuación

Historial de tus puntuaciones

No has intentado esta prueba.